000
00297nam a22001337a 4500
008
171005b xxu||||| |||| 00| 0 eng d
020
_a
9780803988071
041
_a
eng
080
_a
159.9
100
_a
49
101
_a
PSI
245
_a
THE MASQUE OF FEMINITY
_c
TSELON.E
942
_2
udc
_c
BK
999
_c
32065
_d
32065